| LEADER |
00873nam0a2200205 450 |
| 001 |
16848163 |
| 010 |
|
|
|a 978-2-7491-0809-4
|b Br.
|d 25
|
| 100 |
|
|
|a 20090602d2009 u u0frey01 ba
|
| 101 |
0 |
|
|a fre
|
| 102 |
|
|
|a FR
|
| 200 |
0 |
|
|a Pouvoirs cachés et langages secrets des fleurs
|f Martin Monestier
|g illustrations de Ingrid Kriwalsky-Stromboni
|
| 207 |
|
1 |
|a
|
| 210 |
|
|
|a Paris
|c le Cherche midi
|d 2009
|
| 215 |
|
|
|a 174 p.
|c illustrations en couleur
|d 30 x 20 cm
|
| 300 |
|
|
|a Glossaire
|
| 330 |
|
|
|a Panorama des multiples dimensions des fleurs : leurs aspects symboliques, mythologiques, scientifiques, ainsi que leurs attaches à la religion, à la médecine et à l'astral.
|
| 700 |
|
0 |
|a Monestier
|b Martin
|4 70
|
| 900 |
|
|
|a Documentaire
|
| 901 |
|
|
|a Accessible au prêt
|
| 995 |
|
|
|a Bibliothèque
|c Bibliothèque
|f 00156007731151
|h 00156007731151
|k 392 MON
|o p
|q a
|r az
|e Bibliothèque
|